000 00587nam a2200229Ia 4500
003 OSt
005 20220927113021.0
006 a|||||r|||| 00| 0
007 ta
008 220926b |||||||| |||| 00| 0 eng d
024 _a33089
037 _cTextbook
040 _aRTL
_cRTL
_beng
041 _2eng
_aeng
082 _a"X:75, G7/TD3"
100 _aRobbins Lionel
_9385034
245 0 _aEconomic planning and international order
260 _c1937
650 _aPlanned Economy
942 _h"X:75, G7/TD3"
_cCC
999 _c701293
_d701293